00358nam a2200133Ia 450000500170000000800410001702000150005808200130007324500220008626000300010830000130013850000500015170000230020120250612025001.0240331s9999 xx 000 0 und d a9559719300 bSUBa306 0aKulagei donkaraya bEditors Publicationc2000 a100 p ., aA book on a An academic analysis of virginity aSubasinghe, Veedt